Phát triển kinh tế - xã hội ở Việt Nam chiến lược cho những năm 1990
Đề cập đến chiến lược kinh tế - xã hội tổng thể; cơ cấu và sự phát triển của các lĩnh vực kinh tế chủ yếu; phát triển nguồn nhân lực; ngoại thương và đầu tư nước ngoài. Trình bày các chính sách tài chính và tiền tệ, huy động vốn; cải cách hệ thống kinh tế...
Đã lưu trong:
| Tác giả chính: | |
|---|---|
| Định dạng: | Sách |
| Năm xuất bản: |
H.
Chính trị Quốc gia
1996
|
| Chủ đề: | |
| Tags: |
Thêm thẻ
Không có thẻ, Hãy là người đầu tiên gắn thẻ bản ghi này!
|
| LEADER | 01209nam a2200193 4500 | ||
|---|---|---|---|
| 082 | |a 338.9 |b PH110tr. | ||
| 100 | |a Per Ronnas | ||
| 245 | |a Phát triển kinh tế - xã hội ở Việt Nam chiến lược cho những năm 1990 |c Per Ronnas, Orjan Sjoberg; Võ Nguyên Giáp, Trần Đức Nguyên, Lưu Bích Hà,... | ||
| 260 | |a H. |b Chính trị Quốc gia |c 1996 | ||
| 300 | |a 504 tr. |c 24 cm | ||
| 520 | |a Đề cập đến chiến lược kinh tế - xã hội tổng thể; cơ cấu và sự phát triển của các lĩnh vực kinh tế chủ yếu; phát triển nguồn nhân lực; ngoại thương và đầu tư nước ngoài. Trình bày các chính sách tài chính và tiền tệ, huy động vốn; cải cách hệ thống kinh tế | ||
| 653 | |a Kinh tế | ||
| 653 | |a Phát triển kinh tế | ||
| 653 | |a xã hội | ||
| 653 | |a VN | ||
| 942 | |2 ddc |c STK0 | ||
| 999 | |c 9373 |d 9373 | ||
| 952 | |0 0 |1 0 |2 ddc |4 0 |6 338_900000000000000_PH110TR |7 0 |8 300 |9 75082 |a qbu |b qbu |c D2 |d 2015-05-10 |g 40000 |o 338.9 PH110tr. |p 9219.c1 |r 0000-00-00 |w 2015-05-10 |y STK0 | ||
| 952 | |0 0 |1 0 |2 ddc |4 0 |6 338_900000000000000_PH110TR |7 0 |8 300 |9 75083 |a qbu |b qbu |c D2 |d 2015-05-10 |g 40000 |o 338.9 PH110tr. |p 9219.c2 |r 0000-00-00 |w 2015-05-10 |y STK0 | ||